<?xml version="1.0" encoding="UTF-8"?><marc:collection xmlns:marc="http://www.loc.gov/MARC21/slim">
  <marc:record>
    <marc:leader>00000nam##2200000za#4500</marc:leader>
    <marc:controlfield tag="001">9.678569</marc:controlfield>
    <marc:controlfield tag="003">CaOODSP</marc:controlfield>
    <marc:controlfield tag="005">20200328190512</marc:controlfield>
    <marc:controlfield tag="007">ta</marc:controlfield>
    <marc:controlfield tag="008">150407|1992||||xxc|||||     f|0| 0 fre|d</marc:controlfield>
    <marc:datafield tag="020" ind1=" " ind2=" ">
      <marc:subfield code="a">0-662-98379-3</marc:subfield>
    </marc:datafield>
    <marc:datafield tag="040" ind1=" " ind2=" ">
      <marc:subfield code="a">CaOODSP</marc:subfield>
      <marc:subfield code="b">fre</marc:subfield>
    </marc:datafield>
    <marc:datafield tag="043" ind1=" " ind2=" ">
      <marc:subfield code="a">n-cn---</marc:subfield>
    </marc:datafield>
    <marc:datafield tag="086" ind1="1" ind2=" ">
      <marc:subfield code="a">E74-53/2-1993F</marc:subfield>
    </marc:datafield>
    <marc:datafield tag="110" ind1="1" ind2=" ">
      <marc:subfield code="a">Canada.</marc:subfield>
      <marc:subfield code="b">Affaires extérieures et Commerce extérieur. </marc:subfield>
      <marc:subfield code="b">Expansion du commerce international.</marc:subfield>
    </marc:datafield>
    <marc:datafield tag="245" ind1="1" ind2="0">
      <marc:subfield code="a">Accord de libre-échange nord-américain entre le gouvernement du Canada, le gouvernement des États-Unis d'Amérique et le gouvernement des États-Unis du Mexique </marc:subfield>
    </marc:datafield>
    <marc:datafield tag="260" ind1=" " ind2=" ">
      <marc:subfield code="a">Ottawa - Ontario : </marc:subfield>
      <marc:subfield code="b">Affaires extérieures et Commerce extérieur. </marc:subfield>
      <marc:subfield code="c">1992. Réimprimé avec les modifications, 1993.</marc:subfield>
    </marc:datafield>
    <marc:datafield tag="300" ind1=" " ind2=" ">
      <marc:subfield code="a">Environ 1035p. en pagination multiple. : </marc:subfield>
      <marc:subfield code="b">tableaux ; </marc:subfield>
      <marc:subfield code="c">28 cm.</marc:subfield>
    </marc:datafield>
    <marc:datafield tag="500" ind1=" " ind2=" ">
      <marc:subfield code="a">Note au verso de la page de titre: Texte du 17 décembre 1992, comprenant l'errata, Version de travail du comité parlementaire. Cette publication est une édition révisée du texte légal signalé dans la Liste hebdomadaire 1992 n° 52, le 24 décembre 1992 (n° de cat. E74-53/2-1992F, ISBN 0-660-94051-5). Elle comprend l'Errata signalé dans la Liste hebdomadaire 1993 n° 20, le 21 mai 1993 (n° de cat. E74-53/2-1992-1F, ISBN 0-662-98427-7).</marc:subfield>
    </marc:datafield>
    <marc:datafield tag="563" ind1=" " ind2=" ">
      <marc:subfield code="a">Couverture souple</marc:subfield>
    </marc:datafield>
    <marc:datafield tag="775" ind1="0" ind2="8">
      <marc:subfield code="t">North American Free Trade Agreement between the Government of Canada, the Government of the United Mexican States and the Government of the United States of America.</marc:subfield>
      <marc:subfield code="w">(CaOODSP)9.644762</marc:subfield>
    </marc:datafield>
  </marc:record>
</marc:collection>
